[Event "IV Festival B"]
[Site "Porto San Giorgio ITA"]
[Date "1992.08.??"]
[Round "1"]
[White "Cividali, Emilio"]
[Black "Caressa, Marco"]
[WhiteElo "1800"]
[BlackElo "1770"]
[Result "1-0"]
[PlyCount "81"]
[EventDate "1992.08.22"]

1. d4 d5 2. c4 Bf5 3. Nc3 e6 4. Nf3 Nf6 5. e3 c6 6. Qb3 Qc7 7. Bd2 Nbd7 8. Rc1
Qb6 9. Be2 Be7 10. O-O O-O 11. Nh4 Be4 12. f3 Bg6 13. Nxg6 hxg6 14. Qxb6 Nxb6
15. c5 Nbd7 16. f4 Nh7 17. a3 f5 18. Nd1 g5 19. Nf2 g4 20. b4 Nhf6 21. b5 Kf7
22. bxc6 bxc6 23. Rb1 Rab8 24. Ba6 Rxb1 25. Rxb1 Rb8 26. Rb7 Rxb7 27. Bxb7 Nb8
28. Ba5 Ne8 29. Nd3 Bf6 30. Nb4 g5 31. g3 gxf4 32. gxf4 Bh4 33. Nxc6 Nxc6 34.
Bxc6 Ke7 35. Bb5 Bf6 36. Kg2 Bh4 37. Ba4 Bf6 38. Kg3 Bh8 39. c6 Kd6 40. c7 Nxc7
41. Bb4# 1-0

[Event "IV Festival B"]
[Site "Porto San Giorgio ITA"]
[Date "1992.08.??"]
[Round "2"]
[White "Martini, Marco"]
[Black "Cividali, Emilio"]
[WhiteElo "1752"]
[BlackElo "1800"]
[Result "1/2-1/2"]
[PlyCount "117"]
[EventDate "1992.08.22"]

1. d4 d5 2. Nf3 c6 3. Bf4 Nf6 4. e3 Bf5 5. c4 e6 6. cxd5 Qa5+ 7. Nc3 Nxd5 8.
Qb3 Nxf4 9. Qxb7 Bb4 10. Rc1 Nd5 11. Qxa8 Qb6 12. Ba6 Nc7 13. Qb7 Ncxa6 14.
Qc8+ Qd8 15. Qxd8+ Kxd8 16. a3 Ba5 17. b4 Bb6 18. Na4 f6 19. O-O Kd7 20. Rc3
Nc7 21. Nc5+ Kd6 22. a4 Bxc5 23. dxc5+ Ke7 24. Nd4 Nd5 25. Nxf5+ exf5 26. Rc4
a6 27. Rb1 Rd8 28. Rd4 Nc3 29. Rxd8 Kxd8 30. Rb3 Nd5 31. Rd3 Kc7 32. b5 axb5
33. axb5 Nd7 34. b6+ Kb8 35. Rd4 Nxc5 36. Rc4 Nd7 37. Rxc6 N7xb6 38. Rc5 Ne7
39. g3 Kb7 40. Kg2 g6 41. h4 h5 42. Rb5 Kc6 43. Ra5 Kd6 44. Ra6 Nec8 45. Kf3
Ke5 46. Ra5+ Ke6 47. Rb5 g5 48. Rb1 g4+ 49. Ke2 Kf7 50. Rb4 Kg6 51. Ke1 Nd7 52.
Ke2 Ne5 53. Rb8 Nd6 54. Rg8+ Kh7 55. Ra8 Nf3 56. Kf1 Ne4 57. Rd8 Ned2+ 58. Ke2
Nc4 59. Kf1 1/2-1/2

[Event "IV Festival B"]
[Site "Porto San Giorgio ITA"]
[Date "1992.08.??"]
[Round "3"]
[White "Cividali, Emilio"]
[Black "Ricci, Alfredo"]
[WhiteElo "1800"]
[BlackElo "1794"]
[Result "1-0"]
[PlyCount "153"]
[EventDate "1992.08.22"]

1. d4 Nf6 2. c4 g6 3. g3 d5 4. cxd5 Nxd5 5. Bg2 Bg7 6. Nf3 O-O 7. O-O c6 8. e4
Nb6 9. h3 N8d7 10. Qc2 e5 11. a4 exd4 12. a5 d3 13. Qxd3 Re8 14. Nc3 Qe7 15.
axb6 Nxb6 16. Na4 Qb4 17. Nxb6 Qxb6 18. Be3 Qxb2 19. Rxa7 Rxa7 20. Bxa7 Qa2 21.
Be3 b5 22. Qb1 Qa8 23. Rc1 Bb7 24. Bd4 Bh6 25. Rc5 Bf8 26. Rc1 c5 27. Bxc5 Bxe4
28. Qb3 Bd5 29. Qd3 Bc4 30. Rxc4 bxc4 31. Qxc4 Rc8 32. Ng5 Qa1+ 33. Kh2 Qf6 34.
Bd4 Qf5 35. Qa6 Be7 36. Ne4 Qe6 37. Nf6+ Bxf6 38. Qxe6 fxe6 39. Bxf6 Kf7 40.
Bd4 Rc4 41. Be5 h5 42. h4 Rc2 43. Kg1 Rc1+ 44. Bf1 Re1 45. Bd4 Rd1 46. Bc3 Rd5
47. Bg2 Rd1+ 48. Kh2 Rd3 49. Be5 Rd2 50. Kg1 Rd1+ 51. Bf1 Re1 52. Bf4 e5 53.
Be3 e4 54. Kg2 Kf6 55. Bd4+ Ke6 56. Bb5 Rd1 57. Bc5 Kf6 58. Bc6 Kf5 59. Be8 Rd5
60. Bb4 Rd4 61. Bc5 Rd5 62. Be7 Rd2 63. Kf1 Ra2 64. Bb4 Rc2 65. Ke1 Ra2 66. Bc3
Ra7 67. Kd2 Re7 68. Ba4 e3+ 69. fxe3 Kg4 70. Bf6 Ra7 71. Bc2 Kxg3 72. e4 Kf4
73. Bg5+ Ke5 74. Ke3 Ra1 75. Bf4+ Ke6 76. Bb3+ Kf6 77. Kd4 1-0

[Event "IV Festival B"]
[Site "Porto San Giorgio ITA"]
[Date "1992.08.??"]
[Round "5"]
[White "Cividali, Emilio"]
[Black "Bonucci, Riccardo"]
[WhiteElo "1800"]
[BlackElo "1821"]
[Result "1-0"]
[PlyCount "87"]
[EventDate "1992.08.22"]

1. d4 d5 2. c4 e6 3. Nf3 Nf6 4. g3 Be7 5. Bg2 O-O 6. O-O Nbd7 7. b3 Ne4 8. Qc2
c6 9. Nbd2 f5 10. Bb2 Ndf6 11. Ne5 Nxd2 12. Qxd2 Ne4 13. Qc2 Qe8 14. f3 Nf6 15.
Nd3 Bd7 16. Rae1 Qh5 17. Nf4 Qh6 18. e4 Bb4 19. Re2 Rae8 20. Bc1 g5 21. Nh3 Qg7
22. Nxg5 e5 23. dxe5 Nh5 24. f4 Bc5+ 25. Be3 d4 26. Bf2 h6 27. e6 Bc8 28. Nf3
Rd8 29. Rd2 Bxe6 30. e5 b5 31. Nxd4 Bb4 32. Rdd1 Bd7 33. Nxc6 Bxc6 34. Bxc6
Nxf4 35. cxb5 Nh3+ 36. Kg2 Nf4+ 37. Kh1 Nh5 38. Qc4+ Kh8 39. Qxb4 f4 40. e6
fxg3 41. Bxg3 Nxg3+ 42. hxg3 Qxg3 43. Rxf8+ Kg7 44. Rg1 1-0

[Event "IV Festival B"]
[Site "Porto San Giorgio ITA"]
[Date "1992.08.??"]
[Round "6"]
[White "Cividali, Emilio"]
[Black "Fontani, Daniele"]
[WhiteElo "1800"]
[BlackElo "1734"]
[Result "1-0"]
[PlyCount "69"]
[EventDate "1992.08.22"]

1. d4 Nf6 2. c4 e6 3. g3 Bb4+ 4. Bd2 Qe7 5. Nf3 Bxd2+ 6. Qxd2 a5 7. Nc3 d6 8.
Bg2 O-O 9. O-O e5 10. b3 c6 11. e4 Re8 12. Rfe1 Nbd7 13. Rab1 Nf8 14. h3 Ng6
15. a3 Qc7 16. Bf1 Bd7 17. b4 axb4 18. axb4 Ra3 19. Qb2 Rea8 20. Ra1 Rxa1 21.
Rxa1 Rxa1 22. Qxa1 Qc8 23. Kh2 exd4 24. Nxd4 c5 25. Nc2 cxb4 26. Nxb4 Qc5 27.
Qb2 h6 28. Nbd5 Nxd5 29. Nxd5 Bc6 30. f4 Kh7 31. Qd2 Bxd5 32. Qxd5 Qxd5 33.
cxd5 f6 34. Bd3 Kg8 35. e5 1-0

[Event "IV Festival B"]
[Site "Porto San Giorgio ITA"]
[Date "1992.08.??"]
[Round "7"]
[White "Nieus, Thierry"]
[Black "Cividali, Emilio"]
[WhiteElo "1797"]
[BlackElo "1800"]
[Result "0-1"]
[PlyCount "90"]
[EventDate "1992.08.22"]

1. e4 c5 2. Nf3 e6 3. d4 cxd4 4. c3 dxc3 5. Nxc3 Nc6 6. Bc4 d6 7. O-O Nf6 8.
Qe2 Be7 9. Rd1 e5 10. h3 Be6 11. Nd5 Bxd5 12. exd5 Nb8 13. Be3 O-O 14. Rac1
Nbd7 15. Bb3 a6 16. Rc3 Ne4 17. Rc4 Nec5 18. Bc2 Nb6 19. Rxc5 dxc5 20. d6 Bf6
21. Bxc5 Nd7 22. Ba3 b5 23. h4 Qb6 24. g3 g6 25. b3 Rac8 26. h5 Rfd8 27. Kg2 b4
28. hxg6 hxg6 29. Bc1 Nc5 30. Nxe5 Rxd6 31. Rxd6 Qxd6 32. Nc4 Qc6+ 33. f3 Re8
34. Qf2 Ne6 35. Be3 Rd8 36. Be4 Qb5 37. Qc2 Kg7 38. Qc1 Ng5 39. Bc6 Qxc6 40.
Bxg5 Bxg5 41. Qxg5 Re8 42. Qd2 Qc5 43. Qd3 Qe7 44. Qd4+ Kg8 45. Qf2 Qe1 0-1